000 00309nam a2200121Ia 4500
008 190216s9999||||xx |||||||||||||| ||und||
100 _aBarve R K&Amp; Subash Bhende
245 0 _aIntroduction To Indian Economy
260 _bVikas Publishing House
_c1975
300 _a298p
650 _aEconomics
942 _cBK
999 _c9431
_d9431